| 000 | 00364nam a2200133Ia 4500 | ||
|---|---|---|---|
| 005 | 20260328101523.0 | ||
| 008 | 260328s9999||||xx |||||||||||||| ||und|| | ||
| 100 | _aMcLeod, Virginia | ||
| 245 | 0 |
_aDetail in Contemporary Residential Architecture / _cVirginia McLeod |
|
| 260 | _bLaurence King | ||
| 300 | _a240 p. | ||
| 650 | _aARQUITECTURA RESIDENCIAL | ||
| 942 | _cBK | ||
| 999 |
_c9693 _d9693 |
||